Nástroje marketingovej komunikácie pri predaji bioproduktov
Možnosti využitia nástrojov a správne zacielenie marketingového mixu pri predaji biopotravín. Charakteristika biopotravín a značky "BIO". Stanovisko spotrebiteľa a reakcia na jeho potreby.
Guardado en:
| Autor principal: | |
|---|---|
| Otros Autores: | |
| Formato: | Capítulo de libro |
| Lenguaje: | eslovaco |
| Materias: | |
| Etiquetas: |
Sin Etiquetas, Sea el primero en etiquetar este registro!
|
MARC
| LEADER | 00000naa$a2200000$$$4500 | ||
|---|---|---|---|
| 001 | 0180845 | ||
| 005 | 20240527101659.6 | ||
| 041 | 0 | |a slo | |
| 044 | |a SK | ||
| 245 | 1 | 0 | |a Nástroje marketingovej komunikácie pri predaji bioproduktov |c Daniela Urblíková, Mária Andrejčíková |
| 520 | |a Možnosti využitia nástrojov a správne zacielenie marketingového mixu pri predaji biopotravín. Charakteristika biopotravín a značky "BIO". Stanovisko spotrebiteľa a reakcia na jeho potreby. | ||
| 610 | 2 | 0 | |a marketing |
| 610 | 2 | 0 | |a stratégia marketingová |
| 610 | 2 | 0 | |a nástroje marketingové |
| 610 | 2 | 0 | |a marketing mix |
| 610 | 2 | 0 | |a biopotraviny |
| 610 | 2 | 0 | |a značky výrobkov |
| 610 | 2 | 0 | |a spotrebitelia |
| 100 | 1 | |a Urblíková, Daniela | |
| 700 | 1 | |a Andrejčíková, Mária | |